| 000 | 00352nam a22001337a 4500 | ||
|---|---|---|---|
| 008 | 160521b xxu||||| |||| 00| 0 eng d | ||
| 020 | _a9780323030656 | ||
| 020 | _a9780323030656 | ||
| 020 | _a0323030653 | ||
| 041 | _aeng | ||
| 080 | _a579 | ||
| 245 |
_aDiagnostic microbiology: _cBetty A. Forbes; Daniel F. Sahm; Alice S. Weissfeld; |
||
| 942 |
_2udc _cBK |
||
| 999 |
_c2351 _d2351 |
||